000
00210nam a22000857a 4500
008
161228b xxu||||| |||| 00| 0 eng d
100
_9
2219
_a
Jacob.a etal
245
_a
Science -Lab-IX
260
_a
New Delhi
_b
APC
_c
2011
999
_c
5107
_d
5107